<?xml version="1.0" encoding="UTF-8"?>
<record
    xmlns:xsi="http://www.w3.org/2001/XMLSchema-instance"
    xsi:schemaLocation="http://www.loc.gov/MARC21/slim http://www.loc.gov/standards/marcxml/schema/MARC21slim.xsd"
    xmlns="http://www.loc.gov/MARC21/slim">

  <leader>00746nam a2200217 a 4500</leader>
  <controlfield tag="001">38970</controlfield>
  <controlfield tag="003">BD-RjUL</controlfield>
  <controlfield tag="005">20211209052907.0</controlfield>
  <controlfield tag="008">180513s2016    bg a|||e |||| 00| 0 eng d</controlfield>
  <datafield tag="020" ind1=" " ind2=" ">
    <subfield code="a">9789845190749</subfield>
    <subfield code="c">: Complimentary</subfield>
  </datafield>
  <datafield tag="035" ind1=" " ind2=" ">
    <subfield code="a">(BD-RjUL)39080</subfield>
  </datafield>
  <datafield tag="040" ind1=" " ind2=" ">
    <subfield code="a">BD-RjUL</subfield>
    <subfield code="b">eng</subfield>
    <subfield code="c">BD-RjUL</subfield>
    <subfield code="d">BD-RjUL</subfield>
  </datafield>
  <datafield tag="041" ind1=" " ind2=" ">
    <subfield code="a">eng</subfield>
  </datafield>
  <datafield tag="082" ind1=" " ind2=" ">
    <subfield code="2">23</subfield>
    <subfield code="a">RA 330.954925021</subfield>
    <subfield code="b">JHE 2016</subfield>
  </datafield>
  <datafield tag="110" ind1="1" ind2=" ">
    <subfield code="a">Bangladesh Bureau of Statistics (BBS) </subfield>
    <subfield code="9">221407</subfield>
  </datafield>
  <datafield tag="245" ind1=" " ind2=" ">
    <subfield code="a">Economic Census 2013, District Report:</subfield>
    <subfield code="b">Jhenaidah /</subfield>
    <subfield code="c">Bangladesh Bureau of Statistics (BBS) </subfield>
  </datafield>
  <datafield tag="260" ind1=" " ind2=" ">
    <subfield code="a">Dhaka: </subfield>
    <subfield code="b">BBS, </subfield>
    <subfield code="c">2016</subfield>
  </datafield>
  <datafield tag="300" ind1=" " ind2=" ">
    <subfield code="a">xxviii, 443 p. :</subfield>
    <subfield code="b">Ill. ; </subfield>
    <subfield code="c">28 cm.</subfield>
  </datafield>
  <datafield tag="650" ind1=" " ind2=" ">
    <subfield code="a">Bangladesh </subfield>
    <subfield code="z">Jhenaidah</subfield>
    <subfield code="x">Economic conditions </subfield>
    <subfield code="y">21st century </subfield>
    <subfield code="v">Statistics</subfield>
    <subfield code="9">221408</subfield>
  </datafield>
  <datafield tag="942" ind1=" " ind2=" ">
    <subfield code="2">ddc</subfield>
    <subfield code="c">RAR</subfield>
  </datafield>
  <datafield tag="999" ind1=" " ind2=" ">
    <subfield code="c">38970</subfield>
    <subfield code="d">38970</subfield>
  </datafield>
  <datafield tag="952" ind1=" " ind2=" ">
    <subfield code="0">0</subfield>
    <subfield code="1">0</subfield>
    <subfield code="2">ddc</subfield>
    <subfield code="4">0</subfield>
    <subfield code="7">1</subfield>
    <subfield code="8">RARE</subfield>
    <subfield code="a">RUCL</subfield>
    <subfield code="b">RUCL</subfield>
    <subfield code="c">Rare</subfield>
    <subfield code="d">2017-11-01</subfield>
    <subfield code="e">BBS, Dhaka, Bangladesh</subfield>
    <subfield code="l">0</subfield>
    <subfield code="o">RA 330.954925021 JHE 2016</subfield>
    <subfield code="r">2018-05-13 00:00:00</subfield>
    <subfield code="t">C-1</subfield>
    <subfield code="w">2018-05-13</subfield>
    <subfield code="y">RAR</subfield>
  </datafield>
</record>
